Plus grandes villes des pays commençant par C - Statistiques

Statistiques générales
  • Ce quiz a été pris 75 fois
  • Le résultat moyen est 6 sur 20
Statistiques - réponses
Nombre d'habitants Ville % Correct
24 000 000 habitants Pékin
90%
34 000 000 habitants Shanghai
73%
7 500 000 habitants Hong Kong
61%
47 000 000 habitants Canton
54%
26 000 000 habitants Séoul
54%
19 000 000 habitants Wuhan
48%
10 900 000 habitants Bogota
45%
18 500 000 habitants Chengdu
34%
12 950 000 habitants Xi'an
28%
22 300 000 habitants Chongqing
27%
23 300 000 habitants Shenzhen
27%
12 000 000 habitants Nanjing
20%
12 550 000 habitants Tianjin
20%
22 700 000 habitants Hangzhou
18%
8 200 000 habitants Busan
17%
45 000 000 habitants Dongguan
8%
13 000 000 habitants Shantou
8%
11 000 000 habitants Jinan
4%
45 500 000 habitants Huizhou
3%
12 500 000 habitants Changzhou
1%
Aucun quiz correspondant
Distribution des résultats
% des personnes avec chaque résultat
Percentile par nombre de réponses
Votre historique - résultats
Vous n’avez pas pris ce quiz